000
00323nam a22001457a 4500
008
210519b ||||| |||| 00| 0 eng d
020
_a
0893916579
041
_a
eng
080
_a
004
082
_a
004
100
_a
28
101
_a
SHKI
245
_a
Computer Based Training
_c
Theodore M. Shlechter
942
_2
udc
_c
BK
999
_c
57522
_d
57522